000 00344nam a2200145Ia 4500
008 191201s2010 xx 000 0 und d
082 _a004
_bSOF-
100 _aSONI,Vishal
245 0 _aFundamentals of Computers
250 _aRep
260 _aN.Delhi
_bHimalaya Publication House
_c2010
300 _a300
650 _aMBA
942 _2ddc
_cBK
999 _c4307
_d4307